000
00317nam a22001337a 4500
008
170614b xxu||||| |||| 00| 0 eng d
020
_a
9781586483609
041
_a
eng
080
_a
328
100
_a
19
101
_a
SHP
245
_a
THE CASE FOR GOLIATH HOW AMERICA ACTS
_c
MANDELBAUM.,
942
_2
udc
_c
BK
999
_c
17273
_d
17273